|
|
|
|
| LEADER |
01053cam a2200265 7i4500 |
| 001 |
0000074205 |
| 005 |
20230607090000.0 |
| 020 |
|
|
|a 9783031056987 (electronic book)
|
| 090 |
0 |
0 |
|a QA162
|b .M67 2022
|
| 100 |
1 |
|
|a Morris, Sidney A.
|
| 245 |
1 |
0 |
|a Abstract algebra and famous impossibilities :
|b squaring the circle, doubling the cube, trisecting an angle, and solving quintic equations
|c Sidney A. Morris, Arthur Jones and Kenneth R. Pearson.
|
| 250 |
|
|
|a Second edition.
|
| 264 |
|
|
|b pringer,
|c 2022.
|
| 300 |
|
|
|a 1 online resource (233 pages):
|b text file, PDF.
|
| 336 |
|
|
|a text
|2 rdacontent
|
| 337 |
|
|
|a computer
|2 rdamedia
|
| 338 |
|
|
|a online resource
|2 rdacarrier
|
| 650 |
|
0 |
|a Algebra, Abstract
|
| 655 |
|
0 |
|a Electronic books
|
| 700 |
1 |
|
|a Jones, Arthur
|
| 700 |
1 |
|
|a Pearson, Kenneth R.
|
| 856 |
4 |
2 |
|u http://library.unisel.edu.my/web/guest/mylibrary
|
| 997 |
|
|
|a Communication, Visual Art & Computing, Faculty
|b Computing, Department
|
| 998 |
|
|
|a Mathematics with Statistics, Degree
|
| 999 |
|
|
|a EBO0017482
|b EBOOK
|c EBOOK
|e Electronic resources
|